| 000 | 00522nam a2200157 4500 | ||
|---|---|---|---|
| 999 |
_c12580 _d12580 |
||
| 008 | 240226b ||||| |||| 00| 0 eng d | ||
| 040 | _aBMS College of Architecture | ||
| 100 | _a Varun S A | ||
| 245 | _aUyir (An Ornithology Research and Interpretation Centre) | ||
| 300 | _a48p. | ||
| 500 | _a1CF19AT118 | ||
| 502 |
_8B,Arch _NBMS College of Architecture, Visvesvaraya Technological University (VTU) _aProject report _d2023 |
||
| 700 |
_aLeena Thombre _eGuide |
||
| 710 |
_aSharada Seshadri _aGuide |
||
| 942 |
_2ddc _cTHE |
||